000 00926nam a2200229Ia 4500
003 OSt
005 20220923212256.0
006 a|||||r|||| 00| 0
007 ta
008 220922b |||||||| |||| 00| 0 hin d
024 _a151,964
037 _cTextual
040 _aARTS
_cARTS
_bhin
041 _2hin
_ahin
082 _aDelta2yM76x, 152J3.1-.2
100 _aअपूर्वानन्द, संपा.
_9162342
245 0 _aधर्म प्रसंग मे स्वामी शिवानन्द
_b भगवान श्री रामकृष्ण देव के अन्तंरग शिष्य
246 _aDharma prasanga me swāmī shivānanda: bhagavān shrī rāmakṛuṣhṇa dev ke antanrag shiṣhya
260 _c1953
942 _hDelta2yM76x, 152J3.1-.2
_cTEXL
_2CC
999 _c307637
_d307637